| 000 -ლიდერი |
| ფიქსირებული სიგრძის საკონტროლო ველი |
01218nam a2200265Ia 4500 |
| 001 - საკონტროლო ნომერი |
| საკონტროლო ველი |
20342 |
| 003 - საკონტროლო ნომრის იდენტიფიკატორი |
| საკონტროლო ველი |
GE_BSU |
| 005 - ბოლო ოპერაციის თარიღი და დრო |
| საკონტროლო ველი |
20200927203959.0 |
| 008 - ფიქსირებული სიგრძის მონაცემთა ელემენტები - ზოგადი ინფორმაცია |
| ფიქსირებული სიგრძის საკონტროლო ველი |
181216s1966||||ge |||||||||||||| ||geo|| |
| 040 ## - კატალოგიზაციის წყარო |
| Transcribing agency |
GE_BSU |
| 041 ## - ენის კოდი |
| Language code of text/sound track or separate title |
geo |
| 080 ## - უნივერსალური ათობითი კლასიფიკაციის ინდექსი |
| Universal Decimal Classification number |
371.8:821.353.1(072) კ-17 |
| 100 ## - მთავარი ჩანაწერი - პიროვნების სახელი |
| Personal name |
კაკაბაძე, ელისო |
| 9 (RLIN) |
9551 |
| 245 ## - ცნობა სათაურის შესახებ |
| Title |
კლასგარეშე კითხვა რვაწლიან სკოლაში : |
| Remainder of title |
V-VIII კლ / |
| Statement of responsibility, etc |
ელისო კაკაბაძე ; რედ. ე. გელაშვილი. |
| 264 ## - წარმოების, გამოცემის, დისტრიბუციის და სხვა ცნობები |
| გამოცემის, წარმოების, დისტრიბუციის... ადგილი |
თბილისი : |
| გამოცემის, წარმოების, დისტრიბუციის... სახელწოდება |
განათლება, |
| გამოცემის, წარმოების, დისტრიბუციის... თარიღი |
1966. |
| 300 ## - ფიზიკური აღწერა |
| Extent |
136გვ. ; |
| Dimensions |
21 სმ. |
| 300 ## - ფიზიკური აღწერა |
| Other physical details |
ბიბლიოგრ. ტექსტის შენიშვნებში. |
| 490 ## - სერიის ცნობა |
| Series statement |
(პედაგოგიკა და მეთოდიკა) |
| 653 ## - INDEX TERM--UNCONTROLLED |
| Uncontrolled term |
კლასგარეშე კითხვა ქართულ ლიტერატურაში |
| 653 ## - INDEX TERM--UNCONTROLLED |
| Uncontrolled term |
პედაგოგიკა |
| 653 ## - INDEX TERM--UNCONTROLLED |
| Uncontrolled term |
ქართული ლიტერატურა |
| 700 ## - ADDED ENTRY--PERSONAL NAME |
| Personal name |
გელაშვილი, ე. |
| Relator term |
რედაქტორი |
| 9 (RLIN) |
7719 |
| 942 ## - ADDED ENTRY ELEMENTS (KOHA) |
| Koha item type |
წიგნი |
| Source of classification or shelving scheme |
|